České Budějovice a československé vojenské letectvo v letech 1945-1950 /

Hlavní autor: Irra, Miroslav
Jazyk: Čeština
Vydáno: V Českých Budějovicích : Jihočeské muzeum, 2006
Témata:
Fyzický popis: 218 s. : il., portréty, faksim. ; 21 cm
Knihy
Uloženo v:
LEADER 02036nam a2200517 a 4500
001 nkc20061702813
003 CZ PrNK
005 20130906111153.0
007 ta
008 061222s2006 xr ach e 000 0 cze
015 |a cnb001702813 
020 |a 80-86260-61-5  |q (brož.)  |z 978-80-86260-61-7 
035 |a (OCoLC)124090823 
040 |a OLA001  |b cze  |d BOA001  |d ABA001 
043 |a e-cs---  |a e-xr---  |b e-xr-jc  |2 czenas 
045 |a x4x5 
072 7 |a 358  |x Vojenské letectvo. Dělostřelectvo. Ženijní jednotky. Technické služby armády. Chemické vojsko  |2 Konspekt  |9 15 
080 |a 358.4  |2 MRF 
080 |a 358.4-051  |2 MRF 
080 |a 355.02  |2 MRF 
080 |a 94(437.319)  |2 MRF 
080 |a (437)  |2 MRF 
080 |a (0:82-96)  |2 MRF 
100 1 |a Irra, Miroslav  |7 mzk2007377689  |4 aut 
245 1 0 |a České Budějovice a československé vojenské letectvo v letech 1945-1950 /  |c Miroslav Irra 
260 |a V Českých Budějovicích :  |b Jihočeské muzeum,  |c 2006 
300 |a 218 s. :  |b il., portréty, faksim. ;  |c 21 cm 
500 |a 300 výt. 
504 |a Obsahuje bibliografii 
610 1 7 |a Československo.  |b Armáda.  |b Letectvo  |7 kn20050426033  |2 czenas 
648 7 |a 1945-1950  |7 ch969091  |2 czenas 
650 0 7 |a vojenské letectvo  |7 ph116625  |z Československo  |2 czenas 
650 0 7 |a vojenští letci  |7 ph127212  |z Československo  |2 czenas 
650 0 7 |a vojenská politika  |7 ph124245  |z Československo  |2 czenas 
650 0 9 |a air forces  |z Czechoslovakia  |2 eczenas 
650 0 9 |a military air pilots  |z Czechoslovakia  |2 eczenas 
650 0 9 |a military policy  |z Czechoslovakia  |2 eczenas 
651 7 |a České Budějovice (Česko)  |7 ge131699  |x dějiny  |y 1945-1950  |2 czenas 
651 9 |a České Budějovice (Czechia)  |x history  |y 1945-1950  |2 eczenas 
655 7 |a literatura faktu  |7 fd132773  |2 czenas 
655 9 |a non-fiction  |2 eczenas 
910 2 |a BOA001  |b 2-1180.675 
990 |a BK 
995 |a 01 
991 |b 200702  |c NOV 
996 6 |b 2610300888  |c 2-1180.675  |l MZK  |r Sklad / do 1 hodiny  |n 2  |p p.v.  |w 000839477  |u 000010  |a 1  |e BOA001  |j MZK50  |s P